| 000 | 00653 a2200181 4500 | ||
|---|---|---|---|
| 020 | _a0306447908 | ||
| 020 | _a9780306447907 | ||
| 082 | 0 | 4 | _a530.12 |
| 090 |
_c520 _d520 |
||
| 100 | 1 | _aShankar, R. | |
| 245 | 1 | 0 |
_aPrinciples of quantum mechanics / _cR. Shankar. |
| 250 | _a2nd ed. | ||
| 260 |
_a[S.l.] : _bSpringer, _c1994. |
||
| 300 |
_a694 p. ; _c26 cm. |
||
| 942 |
_aSNS _cBK _k530.12 SHA |
||
| 999 |
_c29151 _d29151 |
||